01925cam a2200289 i 45000010009000000050017000090080041000260200018000670200038000850350020001230400028001430820024001711000019001952450089002142500025003032600052003283000046003805040051004265050941004776500024014186500036014426500026014786500040015046500029015447000034015737000028016071811723320240530110539.0140414s2015 paua f b 001 0 eng  a9780323316149 a9780323222754 (pbk. : alk. paper) a(DNLM)101630458 aDNLM/DLCcDLCerdadDLC04a616.0797 /bA C2211 aAbbas, Abul K.10aCellular and molecular immunology /cAbul K. Abbas; Andrew H. Lichtman; Shiv Pillai. a8h ed, internat. ed. aPhiladelphia :bPa. Elsevier, Saunders,cc2015. aviii, 535 p. :bill. (some col) ;c28 cm. aIncludes bibliographical references and index.0 aProperties and overview of immune responses -- Cells and tissues of the immune system -- Leukocyte circulation and migration into tissues -- Innate immunity -- Antibodies and antigens -- Major histocompatibility complex molecules and antigen presentation to T lymphocytes -- Immune receptors and signal transduction -- Lymphocyte development and antigen receptor gene rearrangement -- Activation of T lymphocytes -- Development and functions of CD4+ effector T cells -- Development and functions of CD8+ effector T cells -- B cell activation and antibody production -- Effector mechanisms of humoral immunity -- Specialized immunity at epithelial barriers and in immune privileged tissues -- Immunologic tolerance and autoimmunity -- Immunity to microbes -- Transplantation immunology -- Immunity to tumors -- Hypersensitivity disorders -- IgE-dependent immune responses and atopic disease -- Congenital and acquired immunodeficiencies.04aImmunity, Cellular.04aAntibody Formationximmunology.04aAntigensximmunology.04aImmune System Diseasesximmunology.04aLymphocytesximmunology.1 aLichtman, Andrew H.,eauthor.1 aPillai, Shiv.,eauthor.